Регионална библиотека "Любен Каравелов" - Русе

Патагонци, тролове и още мои роднини (Запис номер 513371)

MARC детайли
000 -Лидер
Лидер 01255nam a2200289 a 4500
003 - Код на организацията, давaща контролен номер
Код на организацията, даваща контролен номер BLK
005 - Дата и час на последна редакция
Дата и час на последна редакция 20241213153827.0
008 - Елементи от данни с фиксирана дължина
Елементи с фиксирана дължина 191127b bu |||||r|||| 00| 0 bu d
020 ## - Международен стандартен номер на книга ISBN
ISBN 9786191869008
020 ## - Международен стандартен номер на книга ISBN
ISBN 978-619-186-900-8
040 ## - Източник на каталожния запис
Код на библиотеката BLK
041 ## - Код за език
Език Български
Език за КДБФ Български
080 ## - УДК
УДК текст Българска литература
УДК код 821.163.2
УДК – определител -992
УДК – код + определител 821.163.2-992
084 ## - Класификационен индекс по друга класификация
Авторски знак Кок - К 77
100 ## - Редна дума - Автор
Автор Кокудева, Петя Димитрова
R(LIN) 1299
245 ## - Сведения за заглавието
Заглавие Патагонци, тролове и още мои роднини
Подзаглавни данни нови пътешествия със синята палатка
Авторска отговорност Кокудева, Петя; фотогр. Георги Янев.
260 ## - Област на издателските данни
9 (RLIN) 209682
Място на издаване Пловдив
Име на издателя Жанет 45
Година на издаване 2024
300 ## - Физическа характеристика
Брой страници 134 с.
Размер 20 см
380 ## - Жанр
Жанр Худож. лит.
500 ## - Общи забележки
Обща забележка На с. 3 отпечатан с ръкописен шрифт от авт. подзаглавието на книгата.
700 ## - Други автори (авторска отговорност)
9 (RLIN) 1631
Друг автор Янев, Георги
Авт. отговорност на др. автор фотогр.
852 ## - Местоположение
Отдел Заемна - подръчен фонд
Систематично-азбучна сигнатура 821.163.2-9/К 77 П
852 ## - Местоположение
Сигнатура (форматна) Цб 325461
Отдел Хранилище
942 ## - АРТИКУЛИ
Вид на библиотечния документ Книги
Скрит в OPAC Не
Периодичен библиозапис Да
Koha issues (borrowed), all copies 2
944 ## - СЪЗДАВАНЕ И РЕДАКЦИЯ на ЗАПИСА
Дата на регистрацията/редакция Севдалина Тодорова
Служител, извършил регистрацията/редакцията 30540
Номер на служител Севдалина Тодорова
999 ## - СИСТЕМНИ КОНТРОЛНИ НОМЕРА
Koha biblionumber 513371
Koha biblioitemnumber 513371
Наличности
Код за отписване Код за изгубен артикул Източник на класификационната схема Код за повреда Код за отдаване Артикулен № Име на библиотеката - собственик Име на библиотеката, в която се намира в момента Статус (Текущо местоположение) Дата на вписване в системата Местоположение - отдел Цена в лева Инвентарен номер Систематично азбучна сигнатура Баркод Цена в евро Служебен тип на артикула Коз за рестрикции
  Не е изгубен Universal Decimal Classification Не е повреден заемане за дома 945653 Регионална библиотека "Любен Каравелов" Русе Регионална библиотека "Любен Каравелов" Русе Заемна - подръчен фонд 2024-07-08 Заемна - подръчен фонд 12.60 120000910816 821.163.2-9/К 77 П 120000910816 6.44 Книги  
  Не е изгубен Universal Decimal Classification Не е повреден ползва се в читалня 956691 Регионална библиотека "Любен Каравелов" Русе Регионална библиотека "Любен Каравелов" Русе Хранилище 2025-01-02 Хранилище 18.00 120000915584 Цб 325461 120000915584 9.20 Книги само за читалня
Vip Innovations Ltd, Rousse, Bulgaria 2025